Регионална библиотека "Любен Каравелов" - Русе

Кодекс на труда (Запис номер 85185)

MARC детайли
000 -Лидер
Контролно поле с фиксирана дължина 01409nam a2200349 c 4500
003 - Код на организацията, давaща контролен номер
Контролно поле BLK
005 - Дата и час на последна редакция
Контролно поле 20180420224856.0
008 - Елементи от данни с фиксирана дължина
fixed length control field 180408b bul|||||r ||||||| ||bul||
010 ## - Наследен системен номер
LC control number KNG00089781000
020 ## - Международен стандартен номер на книга ISBN
Международен стандартен номер на книга ISBN 978-954-608-155-1
-- издат.: Труд и право
040 ## - Източник на каталожния запис
Идентификатор на билиотеката - собственик на записа BLK
041 ## - Код за език
Код за езика на текст/звукозапис или на отделно заглавие Български
Код за езика КДБФ Български
080 ## - УДК
Текстов определител УДК Трудово законодателство. Работническо законодателство. Социално законодателство
УДК код - определител по УДК 351.83
УДК определител :331(497.2)(094.4)
УДК - код + определител 351.83:331(497.2)(094.4)
110 1# - Редна дума - колетивен орган
Редна дума - наименование на организация или юридическо лице България. Закони и др. п.
9 (RLIN) 243213
139 ## - Редно поле
Редна дума България. Закони и др. п.
Авторски знак Бъл - Б 92
245 10 - Сведения за заглавието
Заглавие Кодекс на труда
Подзаглавни данни Обнар., ДВ, бр. 26/01.04.1986 и бр. 27/04.04.1986,..., изм. и доп. бр. 43, 94, 108 и 109 от 2008 г.
257 ## - Страна на издаване
Страна на създаване/издаване България
260 ## - Област на издателските данни
-- София
Име на издателя, разпространителя и проч. Труд и право
Година на издаване 2009
300 ## - Физическа характеристика
Страници 192 с.
Размери/Мащаб 22 см
380 ## - Жанр
Жанр Обществени науки
500 ## - Общи забележки
Забележка Офс. изд.
650 #4 - Допълнително описание по предмет – тема
Основно описание – тема или топоним Труд - България - законодателни и директивни материали
9 (RLIN) 250742
651 #4 - Допълнително описание по предмет - топоним
Географско понятие България
9 (RLIN) 241624
653 ## - Ключова дума – ненормативна
Ключова дума Кодекс на труда
653 ## - Ключова дума – ненормативна
Ключова дума труд
653 ## - Ключова дума – ненормативна
Ключова дума закони
852 ## - Местоположение
Форматна сигнатура Цб 244210
856 4# - Електронен адрес и достъп
Електронен формат pdf - файл
Път до файла /url/
856 4# - Електронен адрес и достъп
Електронен формат pdf - файл
Път до файла /url/
942 ## - АРТИКУЛИ
Вид на библиотечния материал Книги
Скрит в OPAC Не
944 ## - СЪЗДАВАНЕ И РЕДАКЦИЯ на ЗАПИСА
Създаване/Редакция Създаване
Дата на регистрацията/редакция 08.06.2009
Статус, дата на статуса ф /
Служител, извършил регистрацията/редакцията Валя_Йорданова
944 ## - СЪЗДАВАНЕ И РЕДАКЦИЯ на ЗАПИСА
Създаване/Редакция Редакция
Дата на регистрацията/редакция 07.09.2011
Статус, дата на статуса ф /
Служител, извършил регистрацията/редакцията
999 ## - СИСТЕМНИ КОНТРОЛНИ НОМЕРА
Koha biblionumber 85185
Koha biblioitemnumber 85185
Наличности
Код за отписване Код за изгубен артикул Код за повреда Коз за рестрикции Код за отдаване Артикулен № Име на библиотеката - собственик Име на библиотеката, в която се намира в момента Статус (Текущо местоположение) Дата на вписване в системата Местоположение - отдел Цена в лева Инвентарен номер Систематично азбучна сигнатура Баркод Номер на екземпляра Цена в евро Служебна бележка Служебен тип на артикула Източник на класификационната схема
  Не е изгубен Не е повреден без рестрикции ползва се в читалня 138190 Регионална библиотека "Любен Каравелов" Русе Регионална библиотека "Любен Каравелов" Русе Хранилище 2009-12-02 Хранилище 12.00 120000740071 Цб 244210 120000740071 1 6.14 Дост: Dp Вид: Д N: 22 Дата: 20.05.2009 Книги  
Изтеглен Не е изгубен Не е повреден без рестрикции заемане за дома 138191 Регионална библиотека "Любен Каравелов" Русе Регионална библиотека "Любен Каравелов" Русе Заемна - подръчен фонд 2010-04-28 Заемна - подръчен фонд 12.00 120000743973 П 351/Б 92 120000743973 2 6.14 Дост: DA Вид: А N: 14 Дата: 28.04.2010 Дата инв: 07.02.2018 Бележки инв: П2018 Книги Universal Decimal Classification
Изтеглен Не е изгубен Не е повреден без рестрикции заемане за дома 138192 Регионална библиотека "Любен Каравелов" Русе Регионална библиотека "Любен Каравелов" Русе Заемна - подръчен фонд 2010-04-28 Заемна - подръчен фонд 12.00 120000743974 П 351/Б 92 120000743974 3 6.14 Дост: DA Вид: А N: 14 Дата: 28.04.2010 Дата инв: 07.02.2018 Бележки инв: П2018 Книги Universal Decimal Classification
Изтеглен Не е изгубен Не е повреден без рестрикции заемане за дома 138193 Регионална библиотека "Любен Каравелов" Русе Регионална библиотека "Любен Каравелов" Русе Заемна - подръчен фонд 2011-03-29 Заемна - подръчен фонд 12.00 120000750219 П 351/Б 92 120000750219 4 6.14 Дост: DA Вид: А N: 4 Дата: 29.03.2011 Дата инв: 07.02.2018 Бележки инв: П2018 Книги  
Vip Innovations Ltd, Rousse, Bulgaria 2025